00378 2200145 4500001002100000008004100021035002000062245002300082100003900105260003400144300002000178082001100198650001000209990001300219INLIS000000000000597 ind  a0010-0322000597 aKRING!KRING!cIKHA aNURHAYATI PUJIASTUTI DAN ADRINALIA aBANDUNGbYAYASAN LITARAc2017 a28 hlm.c29 cm. a398.24 aFABEL a102780-1